000
00283nam a2200097Ia 4500
008
230907s9999||||xx |||||||||||||| ||und||
082
_a
363.17990952117
_b
ISH
245
2
_a
A study of the Fukushima Daiichi nuclear accident process :
260
_a
London:
_b
Springer;
_c
2015
942
_c
BK
999
_c
597856
_d
597856